Association of globalization in its different dimensions with overweight and obesity: an analysis in 10 Latin American and Caribbean countries /
El artículo analiza la asociación entre la globalización en sus diferentes dimensiones y la prevalencia de sobrepeso y obesidad en 10 países de América Latina y el Caribe. El estudio examina cómo diferentes aspectos de la globalización, como el comercio internacional, la inversión extranjera directa...
محفوظ في:
| المؤلف الرئيسي: | |
|---|---|
| التنسيق: | كتاب |
| اللغة: | English |
| الموضوعات: | |
| الوصول للمادة أونلاين: | texto completo desde el sitio de la revista |
| الوسوم: |
إضافة وسم
لا توجد وسوم, كن أول من يضع وسما على هذه التسجيلة!
|
MARC
| LEADER | 00000nam a22000007a 4500 | ||
|---|---|---|---|
| 003 | cru CIDCACS/IIS | ||
| 005 | 20231010111516.0 | ||
| 007 | ta | ||
| 008 | 200109s2019 mx |||p|r||||||0| ||eng|d | ||
| 040 | |c cru CIDCACS/IIS | ||
| 100 | 1 | |9 8916 |a García, Christian Martín | |
| 245 | 1 | |a Association of globalization in its different dimensions with overweight and obesity: |b an analysis in 10 Latin American and Caribbean countries / |c Christian Martín García | |
| 300 | |a páginas 174-183: |b tablas, gráficos | ||
| 520 | |a El artículo analiza la asociación entre la globalización en sus diferentes dimensiones y la prevalencia de sobrepeso y obesidad en 10 países de América Latina y el Caribe. El estudio examina cómo diferentes aspectos de la globalización, como el comercio internacional, la inversión extranjera directa y la influencia de los medios de comunicación, pueden contribuir al aumento de la prevalencia de sobrepeso y obesidad en la región. Los resultados revelan una asociación positiva entre ciertas dimensiones de la globalización y la prevalencia de sobrepeso y obesidad, lo que resalta la importancia de considerar los factores globales en las estrategias de prevención y control de estas condiciones. RAR 02/2023 | ||
| 650 | 0 | |2 OCDE |9 388 |a GLOBALIZACION | |
| 650 | 4 | |2 OCDE |9 1945 |a COMERCIO INTERNACIONAL | |
| 650 | 0 | |a INVERSIONES EXTRANJERAS |9 2683 | |
| 650 | 0 | |2 OCDE |9 4828 |a MEDIOS DE COMUNICACION | |
| 650 | 0 | |2 OCDE |9 2404 |a CONTROL SANITARIO | |
| 650 | 0 | |2 OCDE |9 3784 |a POLITICAS PUBLICAS | |
| 773 | 0 | |0 19284 |9 3752 |a Instituto Nacional de Salud Pública (México) |d México: Instituto Nacional de Salud Pública |o 18572 |t Salud Pública de México / |x 00363634 | |
| 856 | |u http://saludpublica.mx/index.php/spm/article/view/8886/11726 |y texto completo desde el sitio de la revista | ||
| 942 | |2 ddc |c PP | ||
| 999 | |c 42808 |d 42808 | ||
